00479nam a2200145Ia 4500008004100000020001800041082001400059100002700073245004800100260000900148500002400157942000700181952013000188999001500318260604s9999 xx 000 0 und d a9789351502838 a158.1 MIL aLeslie a miller935899 0aPsychological Testing: A Practical Approach bSAGE aPsychology, Testing cBK 00104070aIIMVbIIMVcGENERALd2026-06-04g1195.00l0o158.1 MILp004356r2026-06-04 10:21:26v1195.00w2026-06-04yBKBMIL c8738d8738